01808cam a22003614i 4500003000900000005001700009008004100026020001500067020001800082035002700100040003300127082002000160100003500180245009300215264003400308300003800342336002100380337002500401338002300426505085400449526001001303526001001313526001001323526001001333526000801343526000801351526000801359526000801367526000801375526000801383526000801391630004701399PE-LiUPU20250731173448.0150617s1984 sp r 000 0 spa d a8470573616 a9788470573613 a(Sirsi) i9788470573613 aPE-LiUPUbspacPE-LiUPUerda04a229.91bD732211 aDiez Macho, Alejandro,eautor.10aIntroducción general a los apócrifos del antiguo testamento /cAlejandro Diez Macho. 1aMadrid :bCristiandad,c1984. a414 páginas ;c24 centímetros atext2rdacontent aunmediated2rdamedia avolume2rdacarrier0 aNaturaleza y origen de los apócrifos -- Diversas denominaciones de los libros apócrifos -- Repertorios de libros apócrifos judíos -- Los libros apócrifos en publicaciones modernas -- Clasificación de la literatura apócrifa judía -- El género apocalíptico. -Apócrifos del antiguo testamento -- Cartas de Aristeas -- Jubileos -- Antigüedades bíblicas (Pseudo - Filón). -Vida de Adán y Eva (versión griega) -- Vida de Adán y Eva (versión latina) -- Paralipómenos de Jeremías -- 3 Esdras -- 3 Macabeos -- Vidas de los profetas -- Salmos de Salomón -- Oración de Manasés -- 4 Macabeos -- Libro de Arameo -- José y Asenet -- Oráculos Sibilinos -- Teología de los apócrifos -- Dios -- Trascendencia e inmanencia -- Dios de amor y de misericordia -- Dios justo -- Angelología -- Ángeles -- Demonios. aSEG42 aSEG41 aSEG40 aSEG39 aP94 aP87 aP86 aP85 aP77 aP76 aP35 aBibliapA.T.pApócrifosxIntroducciones.